[Event "Vienna Chess Open 2015 Group A"]
[Site "Grosser Festsaal im Wiener Rathaus, 1010 Wien"]
[Date "2015.08.18"]
[Round "4"]
[Board "19"]
[White "Tari, Aryan"]
[Black "Groetz, Harald"]
[Result "1-0"]
[WhiteElo "2510"]
[BlackElo "2279"]
[PlyCount "91"]
[EventDate "2015.08.15"]
[EventRounds "9"]
[EventCountry "AUT"]

1.e4 c5 2.Nf3 e6 3.d4 cxd4 4.Nxd4 a6 5.c4 Nf6 6.Nc3 Qc7 7.a3 b6 8.Be3 Bb7 9.f3 Be7
10.Be2 Nc6 11.Na4 Rb8 12.b4 O-O 13.Rc1 Rfd8 14.Qd2 d6 15.Nb5 axb5 16.cxb5 Ba8 17.bxc6
b5 18.Nc3 Bxc6 19.Nxb5 Qb7 20.Nd4 Be8 21.Nb3 Ra8 22.Na5 Qb8 23.O-O d5 24.e5 Qxe5 25.Bf4
Qh5 26.g4 Qg6 27.Bd3 Ne4 28.Qe2 f5 29.fxe4 dxe4 30.Bc4 h5 31.Nb7 Rdc8 32.Nd6 Bxd6
33.Bxd6 Rxa3 34.b5 Rf3 35.Rxf3 Qxg4+ 36.Bg3 Rxc4 37.Rxc4 Bxb5 38.Rc8+ Kh7 39.Qxb5
Qxf3 40.Qf1 Qg4 41.Qf4 Qe2 42.Re8 Qd1+ 43.Kg2 Qb3 44.Re7 Kg6 45.Kh3 Kf6 46.Qc7 1-0

[Event "Vienna Chess Open 2015 Group A"]
[Site "Grosser Festsaal im Wiener Rathaus, 1010 Wien"]
[Date "2015.08.18"]
[Round "4"]
[Board "20"]
[White "Mann, Johannes"]
[Black "Kuzmicz, Krystian"]
[Result "1/2-1/2"]
[WhiteElo "2295"]
[BlackElo "2486"]
[PlyCount "93"]
[EventDate "2015.08.15"]
[EventRounds "9"]
[EventCountry "AUT"]

1.d4 g6 2.c4 Bg7 3.e4 c5 4.d5 d6 5.Nc3 e6 6.Nf3 Ne7 7.h4 exd5 8.cxd5 Bg4 9.Be2 Nd7
10.Bf4 Bxf3 11.Bxf3 Ne5 12.Qa4+ Qd7 13.Qxd7+ Kxd7 14.Be2 a6 15.a4 f5 16.f3 Rhf8 17.g3
Rae8 18.Kd2 Kc7 19.Rhf1 Nd7 20.Rae1 Rf7 21.Bd3 Ref8 22.Re2 Ne5 23.Bxe5 Bxe5 24.f4
Bd4 25.Rfe1 fxe4 26.Nxe4 Nf5 27.Ng5 Nxg3 28.Rg2 Nh5 29.Nxf7 Rxf7 30.f5 gxf5 31.Rg5
Ng7 32.b3 Bf6 33.Rg2 Be5 34.Rf1 Kb6 35.h5 Nxh5 36.Rxf5 Rxf5 37.Bxf5 Nf4 38.Rh2 h5
39.Rh4 Nxd5 40.Rxh5 Ka5 41.Bd3 Kb4 42.Rh4+ Bd4 43.Be4 Nc3 44.Bxb7 a5 45.Kc2 Ka3 46.Rh5
Na2 47.Rh3 1/2-1/2

[Event "Vienna Chess Open 2015 Group A"]
[Site "Grosser Festsaal im Wiener Rathaus, 1010 Wien"]
[Date "2015.08.18"]
[Round "4"]
[Board "21"]
[White "Ilic, Zoran"]
[Black "Stanec, Nikolaus"]
[Result "1/2-1/2"]
[WhiteElo "2278"]
[BlackElo "2474"]
[PlyCount "27"]
[EventDate "2015.08.15"]
[EventRounds "9"]
[EventCountry "AUT"]

1.d4 Nf6 2.Nf3 g6 3.c4 Bg7 4.g3 O-O 5.Bg2 d6 6.O-O c6 7.Nc3 Bf5 8.Ne1 Qc8 9.e4 Bh3
10.Qe2 Bxg2 11.Kxg2 Nfd7 12.Be3 c5 13.Nc2 Nc6 14.Rfd1 1/2-1/2

[Event "Vienna Chess Open 2015 Group A"]
[Site "Grosser Festsaal im Wiener Rathaus, 1010 Wien"]
[Date "2015.08.18"]
[Round "4"]
[Board "22"]
[White "Hertneck, Gerald"]
[Black "Huber, Martin Christian"]
[Result "1/2-1/2"]
[WhiteElo "2469"]
[BlackElo "2276"]
[PlyCount "26"]
[EventDate "2015.08.15"]
[EventRounds "9"]
[EventCountry "AUT"]

1.b3 e5 2.Bb2 Nc6 3.e3 Nf6 4.Bb5 e4 5.f4 a6 6.Bxc6 dxc6 7.Ne2 h5 8.O-O h4 9.h3 Bf5
10.Be5 Qd7 11.Nd4 O-O-O 12.Nxf5 Qxf5 13.Bxf6 gxf6 1/2-1/2

[Event "Vienna Chess Open 2015 Group A"]
[Site "Grosser Festsaal im Wiener Rathaus, 1010 Wien"]
[Date "2015.08.18"]
[Round "4"]
[Board "23"]
[White "Monroy, Charles"]
[Black "Martin, Julian"]
[Result "0-1"]
[WhiteElo "2436"]
[BlackElo "2261"]
[PlyCount "44"]
[EventDate "2015.08.15"]
[EventRounds "9"]
[EventCountry "AUT"]

1.c4 Nf6 2.Nc3 e5 3.Nf3 Nc6 4.a3 g6 5.d4 exd4 6.Nxd4 Bg7 7.Nxc6 bxc6 8.g3 O-O 9.Bg2
Rb8 10.Qa4 a6 11.O-O Qe7 12.Rd1 Ng4 13.h3 Ne5 14.Rb1 d6 15.b3 Nd7 16.Qa5 Nc5 17.Na2
Qxe2 18.Bd2 Nxb3 19.Bf1 Qxd1 20.Rxd1 Nxa5 21.Bxa5 Rb3 22.Bxc7 c5 0-1

[Event "Vienna Chess Open 2015 Group A"]
[Site "Grosser Festsaal im Wiener Rathaus, 1010 Wien"]
[Date "2015.08.18"]
[Round "4"]
[Board "24"]
[White "Haria, Ravi"]
[Black "Froewis, Georg"]
[Result "0-1"]
[WhiteElo "2243"]
[BlackElo "2434"]
[PlyCount "92"]
[EventDate "2015.08.15"]
[EventRounds "9"]
[EventCountry "AUT"]

1.Nf3 d5 2.g3 Bg4 3.Bg2 Nd7 4.c4 e6 5.O-O Bxf3 6.exf3 dxc4 7.Qa4 Ngf6 8.Qxc4 Be7 9.d4
O-O 10.f4 c6 11.Nc3 Nb6 12.Qd3 Qd7 13.Rd1 Rfd8 14.Qc2 Rac8 15.Be3 Nbd5 16.Rac1 g6
17.Qb3 Qc7 18.Nb1 Qb6 19.Nd2 Ng4 20.Nf1 Qxb3 21.axb3 a6 22.h3 Ngf6 23.Nd2 Ne8 24.Nc4
Nd6 25.Bd2 Nb5 26.Ba5 Rf8 27.Ne5 Bb4 28.Bxb4 Nxb4 29.g4 Rcd8 30.Nf3 Rd6 31.f5 exf5
32.gxf5 Rfd8 33.fxg6 hxg6 34.Rc4 Nd5 35.Rc5 Nf4 36.Bf1 Ne6 37.Re5 Nbxd4 38.Nxd4 Nxd4
39.Kg2 Kf8 40.Rd3 Nf5 41.Rxd6 Rxd6 42.Bc4 Rd2 43.Re2 Rd1 44.Re5 b5 45.Be2 Rd2 46.Bg4
Rxb2 0-1

[Event "Vienna Chess Open 2015 Group A"]
[Site "Grosser Festsaal im Wiener Rathaus, 1010 Wien"]
[Date "2015.08.18"]
[Round "4"]
[Board "25"]
[White "Kilgus, Georg"]
[Black "Neumeier, Klaus"]
[Result "1/2-1/2"]
[WhiteElo "2421"]
[BlackElo "2260"]
[PlyCount "89"]
[EventDate "2015.08.15"]
[EventRounds "9"]
[EventCountry "AUT"]

1.Nf3 Nf6 2.c4 b6 3.g3 Bb7 4.Bg2 g6 5.O-O Bg7 6.d4 O-O 7.Qc2 Be4 8.Qb3 Bb7 9.Qc2 Be4
10.Qd1 Bb7 11.d5 Ne4 12.Nd4 Nd6 13.Na3 c6 14.Qd2 e5 15.dxe6 dxe6 16.Rd1 Qf6 17.c5
bxc5 18.Nb3 Na6 19.Qf4 Qxf4 20.Bxf4 e5 21.Be3 Nf5 22.Bxc5 Nxc5 23.Nxc5 Bc8 24.e3 Ne7
25.Nc4 f5 26.e4 fxe4 27.Bxe4 Bg4 28.Rd3 Be2 29.Rd7 Nd5 30.Bd3 Bxd3 31.Nxd3 Nb6 32.Nxb6
axb6 33.Nb4 e4 34.Nxc6 Bxb2 35.Re1 Rxa2 36.Re2 Ra1+ 37.Kg2 Bf6 38.Rxe4 Ra2 39.Rf4
Bg7 40.Ne7+ Kh8 41.Nd5 Rxf4 42.Nxf4 Kg8 43.Ne6 Bf6 44.Rb7 Rb2 45.h4 1/2-1/2

[Event "Vienna Chess Open 2015 Group A"]
[Site "Grosser Festsaal im Wiener Rathaus, 1010 Wien"]
[Date "2015.08.18"]
[Round "4"]
[Board "26"]
[White "Holm, Kristian Stuvik"]
[Black "Ranits, Franz"]
[Result "1-0"]
[WhiteElo "2418"]
[BlackElo "2245"]
[PlyCount "43"]
[EventDate "2015.08.15"]
[EventRounds "9"]
[EventCountry "AUT"]

1.d4 g6 2.c4 Bg7 3.e4 Nc6 4.Nf3 d6 5.d5 Ne5 6.Nxe5 Bxe5 7.Be2 Bg7 8.O-O e5 9.Nc3 Nh6
10.c5 dxc5 11.Be3 b6 12.f4 O-O 13.h3 f6 14.fxe5 fxe5 15.Bc4 Kh8 16.Rxf8+ Bxf8 17.Qf3
Ng8 18.d6 Bxd6 19.Rf1 Bb7 20.Qg3 a6 21.Bg5 Qe8 22.Qh4 1-0

[Event "Vienna Chess Open 2015 Group A"]
[Site "Grosser Festsaal im Wiener Rathaus, 1010 Wien"]
[Date "2015.08.18"]
[Round "4"]
[Board "27"]
[White "Vasile, Claudiu-Daniel"]
[Black "Manik, Mikulas"]
[Result "1/2-1/2"]
[WhiteElo "2237"]
[BlackElo "2410"]
[PlyCount "65"]
[EventDate "2015.08.15"]
[EventRounds "9"]
[EventCountry "AUT"]

1.e4 c5 2.Nf3 Nc6 3.d4 cxd4 4.Nxd4 g6 5.Nc3 Bg7 6.Be3 Nf6 7.Bc4 Na5 8.Be2 O-O 9.O-O
d6 10.f3 Bd7 11.Qd2 Rc8 12.Rad1 Nc4 13.Bxc4 Rxc4 14.b3 Rc8 15.Nd5 Nxd5 16.exd5 Re8
17.Rfe1 b5 18.Rc1 Qc7 19.c4 bxc4 20.Rxc4 Qb7 21.Rxc8 Rxc8 22.Qa5 h5 23.Nc6 Bxc6 24.dxc6
Rxc6 25.Qxa7 Qxa7 26.Bxa7 Ra6 27.Bf2 Rxa2 28.Rxe7 Rb2 29.Bg3 d5 30.Re8+ Kh7 31.Re7
Kg8 32.Re8+ Kh7 33.Re7 1/2-1/2

[Event "Vienna Chess Open 2015 Group A"]
[Site "Grosser Festsaal im Wiener Rathaus, 1010 Wien"]
[Date "2015.08.18"]
[Round "4"]
[Board "28"]
[White "Warmerdam, Max"]
[Black "Schwarhofer, Christopher"]
[Result "1-0"]
[WhiteElo "2236"]
[BlackElo "2391"]
[PlyCount "57"]
[EventDate "2015.08.15"]
[EventRounds "9"]
[EventCountry "AUT"]

1.e4 c5 2.Nf3 e6 3.d4 cxd4 4.Nxd4 Nc6 5.Nc3 Qc7 6.Be3 a6 7.Qf3 Nf6 8.O-O-O Be7 9.Be2
O-O 10.g4 d6 11.g5 Nd7 12.h4 b5 13.a3 Bb7 14.h5 Nxd4 15.Rxd4 f5 16.Qh3 Nc5 17.exf5
Rxf5 18.Rg1 Rff8 19.Bg4 e5 20.Rd2 Rad8 21.f4 exf4 22.Bd4 Bc8 23.Nd5 Bxg4 24.Qxg4 Qd7
25.Bxc5 dxc5 26.Nf6+ Bxf6 27.Rxd7 Rxd7 28.Qxd7 Bd4 29.h6 1-0

[Event "Vienna Chess Open 2015 Group A"]
[Site "Grosser Festsaal im Wiener Rathaus, 1010 Wien"]
[Date "2015.08.18"]
[Round "4"]
[Board "29"]
[White "Beshukov, Sergey"]
[Black "Lahtela, Silvo"]
[Result "1-0"]
[WhiteElo "2382"]
[BlackElo "2236"]
[PlyCount "85"]
[EventDate "2015.08.15"]
[EventRounds "9"]
[EventCountry "AUT"]

1.Nf3 g6 2.e4 Bg7 3.d4 d6 4.Nc3 a6 5.Bg5 h6 6.Bh4 b5 7.a4 b4 8.Na2 Bb7 9.Bd3 Nd7 10.O-O
c5 11.c3 bxc3 12.bxc3 Qc7 13.Re1 g5 14.Bg3 e5 15.dxe5 dxe5 16.c4 Ne7 17.Nc3 O-O 18.h4
f6 19.Nh2 Rfd8 20.Nd5 Qd6 21.Qh5 Kh7 22.Ng4 Ng6 23.Nge3 Bc6 24.Nf5 Qf8 25.Nc7 Qf7
26.Nxa8 Bxa8 27.Rad1 Ndf8 28.Bf1 Qc7 29.Qg4 Bc6 30.h5 Nf4 31.Bxf4 exf4 32.Rxd8 Qxd8
33.Rd1 Qb8 34.Nxg7 Kxg7 35.Qf5 Bxa4 36.Rd5 Qe8 37.e5 Nd7 38.Bd3 Nxe5 39.Qh7+ Kf8 40.Qxh6+
Ke7 41.Qg7+ Ke6 42.h6 Qh5 43.Rxe5+ 1-0

[Event "Vienna Chess Open 2015 Group A"]
[Site "Grosser Festsaal im Wiener Rathaus, 1010 Wien"]
[Date "2015.08.18"]
[Round "4"]
[Board "30"]
[White "Bilguun, Sumiya"]
[Black "Krause, Benedict"]
[Result "0-1"]
[WhiteElo "2376"]
[BlackElo "2235"]
[PlyCount "144"]
[EventDate "2015.08.15"]
[EventRounds "9"]
[EventCountry "AUT"]

1.e4 c5 2.Nf3 e6 3.d4 cxd4 4.Nxd4 Nc6 5.Nc3 Qc7 6.Nxc6 bxc6 7.Bd3 Nf6 8.O-O Be7 9.Qe2
d5 10.b3 O-O 11.Bb2 Bb7 12.Rae1 Rfe8 13.Na4 Nd7 14.f4 Bf8 15.Qf2 c5 16.exd5 exd5 17.Qh4
h6 18.f5 Qd6 19.Rxe8 Rxe8 20.f6 g5 21.Qh3 Ne5 22.Bxe5 Qxe5 23.Qh5 c4 24.Bg6 Qe6 25.h4
fxg6 26.f7+ Qxf7 27.Rxf7 gxh5 28.Rxb7 Re2 29.Nc3 Rxc2 30.Nxd5 Bc5+ 31.Kf1 cxb3 32.axb3
Rf2+ 33.Ke1 Rf7 34.Rb8+ Kg7 35.hxg5 hxg5 36.Rc8 Bf2+ 37.Ke2 Bg3 38.Ne3 Bf4 39.Nd5
Bg3 40.Ne3 g4 41.Rc5 Kg6 42.Ra5 Bf4 43.Nd5 Bg5 44.Ra6+ Kg7 45.Nc3 Bd8 46.Rd6 Bb6 47.Ne4
h4 48.Rd5 Rf4 49.Kd3 h3 50.gxh3 gxh3 51.Rg5+ Kh6 52.Rg3 Rh4 53.Rg8 Rh5 54.Ng3 Kh7
55.Nxh5 Kxg8 56.Ng3 Kf7 57.Ke2 Ke6 58.Kf3 Kd5 59.Nf5 Bc7 60.Ne3+ Kd4 61.Nd1 h2 62.Kg2
Kd3 63.b4 Bb8 64.b5 Kc4 65.b6 axb6 66.Ne3+ Kd3 67.Nd5 b5 68.Nb4+ Kc4 69.Nc2 Bd6 70.Ne3+
Kd3 71.Nf5 Bc5 72.Kxh2 b4 0-1

[Event "Vienna Chess Open 2015 Group A"]
[Site "Grosser Festsaal im Wiener Rathaus, 1010 Wien"]
[Date "2015.08.18"]
[Round "4"]
[Board "31"]
[White "Abdumalik, Zhansaya"]
[Black "Leitner, Gerald"]
[Result "1-0"]
[WhiteElo "2371"]
[BlackElo "2193"]
[PlyCount "39"]
[EventDate "2015.08.15"]
[EventRounds "9"]
[EventCountry "AUT"]

1.e4 c5 2.Nf3 e6 3.d4 cxd4 4.Nxd4 Nc6 5.Nc3 Qc7 6.Be3 a6 7.Qf3 b5 8.O-O-O Bb7 9.Qg3
Qxg3 10.hxg3 Nf6 11.f3 b4 12.Na4 Nxd4 13.Bxd4 d5 14.Bxf6 gxf6 15.exd5 exd5 16.Nb6
Rd8 17.Rh5 d4 18.Re1+ Be7 19.Rc5 Rd6 20.Rc7 1-0

[Event "Vienna Chess Open 2015 Group A"]
[Site "Grosser Festsaal im Wiener Rathaus, 1010 Wien"]
[Date "2015.08.18"]
[Round "4"]
[Board "32"]
[White "Kessler, Luca"]
[Black "Gevorgyan, Irina"]
[Result "1/2-1/2"]
[WhiteElo "2364"]
[BlackElo "2206"]
[PlyCount "60"]
[EventDate "2015.08.15"]
[EventRounds "9"]
[EventCountry "AUT"]

1.d4 d5 2.c4 c6 3.Nc3 Nf6 4.e3 e6 5.Nf3 Nbd7 6.Bd3 dxc4 7.Bxc4 b5 8.Bd3 Bd6 9.O-O
O-O 10.Bd2 Bb7 11.Rc1 Qe7 12.Ng5 Rac8 13.Nge4 Nxe4 14.Nxe4 c5 15.Nxc5 Nxc5 16.dxc5
Rxc5 17.Rxc5 Bxc5 18.Qb1 f5 19.Rc1 Rf6 20.Bf1 Bd6 21.Qd3 a6 22.Ba5 Rf8 23.Qd4 Rc8
24.Rxc8+ Bxc8 25.g3 Bb7 26.Bg2 Bxg2 27.Kxg2 Bc5 28.Qe5 Bd6 29.Qd4 Bc5 30.Qe5 Bd6 1/2-1/2

[Event "Vienna Chess Open 2015 Group A"]
[Site "Grosser Festsaal im Wiener Rathaus, 1010 Wien"]
[Date "2015.08.18"]
[Round "4"]
[Board "33"]
[White "Newrkla, Katharina"]
[Black "Theissl Pokorna, Regina"]
[Result "0-1"]
[WhiteElo "2173"]
[BlackElo "2362"]
[PlyCount "74"]
[EventDate "2015.08.15"]
[EventRounds "9"]
[EventCountry "AUT"]

1.e4 e5 2.f4 Bc5 3.Nf3 d6 4.Nc3 Nf6 5.Bc4 Nc6 6.d3 a6 7.Nd5 h6 8.c3 Ba7 9.Qe2 Be6
10.Nxf6+ Qxf6 11.Bxe6 Qxe6 12.f5 Qd7 13.Be3 Bxe3 14.Qxe3 d5 15.Qc5 dxe4 16.dxe4 Qd3
17.Nd2 O-O-O 18.O-O-O Qe2 19.Qg1 h5 20.Qf1 Qe3 21.Qf3 Qh6 22.Kc2 g5 23.Nc4 g4 24.Qe3
Qf6 25.Qe2 Qh4 26.Rxd8+ Rxd8 27.g3 Qe7 28.Ne3 Nd4+ 29.cxd4 exd4 30.Qd3 dxe3 31.Qxe3
Qb4 32.Re1 Qc4+ 33.Kb1 Rd3 34.Qh6 b6 35.Qxh5 Qd4 36.Qxg4 Rd2 37.Qg8+ Kb7 0-1

[Event "Vienna Chess Open 2015 Group A"]
[Site "Grosser Festsaal im Wiener Rathaus, 1010 Wien"]
[Date "2015.08.18"]
[Round "4"]
[Board "34"]
[White "Dragnev , Valentin"]
[Black "Scheffknecht, Philipp"]
[Result "1-0"]
[WhiteElo "2339"]
[BlackElo "2121"]
[PlyCount "117"]
[EventDate "2015.08.15"]
[EventRounds "9"]
[EventCountry "AUT"]

1.e4 e5 2.Nf3 d6 3.d4 exd4 4.Nxd4 Nf6 5.Nc3 g6 6.g3 Bg7 7.Bg2 O-O 8.h3 Re8 9.O-O Nbd7
10.Re1 Nc5 11.Nb3 Nfd7 12.Bf4 Ne6 13.Be3 Ne5 14.Qe2 Nc6 15.Rad1 Bd7 16.f4 Qc8 17.Qf2
Nf8 18.g4 a5 19.a4 Nb4 20.Nd4 Ne6 21.Nxe6 fxe6 22.h4 Rf8 23.Qd2 Qe8 24.b3 Qe7 25.Bf2
Kh8 26.Nb5 Bc6 27.Bg3 Qf7 28.Nd4 Bd7 29.e5 dxe5 30.fxe5 Bc6 31.Nxc6 bxc6 32.Re4 Qe7
33.c3 Rad8 34.Rd4 Rxd4 35.Qxd4 Nd5 36.c4 Nb4 37.Kh2 Rb8 38.Qa7 Rd8 39.Rxd8+ Qxd8 40.Qxa5
Bf8 41.Qa7 Nd3 42.Qb7 g5 43.h5 Nf4 44.Qxc6 Qd2 45.Qf3 Bc5 46.Bxf4 gxf4 47.Kh3 Qe3
48.Qxe3 fxe3 49.Bf3 h6 50.a5 Kg7 51.a6 Bb6 52.Kg2 c5 53.Kf1 Kf7 54.Ke2 Ba7 55.Kxe3
Bb6 56.Kd3 Ba7 57.Kc2 Ke7 58.Kb2 Bb8 59.Ka3 1-0

[Event "Vienna Chess Open 2015 Group A"]
[Site "Grosser Festsaal im Wiener Rathaus, 1010 Wien"]
[Date "2015.08.18"]
[Round "4"]
[Board "35"]
[White "Halvax, Georg"]
[Black "Khalakhan, Jurij"]
[Result "0-1"]
[WhiteElo "2331"]
[BlackElo "1987"]
[PlyCount "62"]
[EventDate "2015.08.15"]
[EventRounds "9"]
[EventCountry "AUT"]

1.d4 d5 2.c4 c6 3.e3 Nf6 4.Bd3 Bg4 5.f3 Bh5 6.Qb3 Qb6 7.c5 Qc7 8.Bd2 e5 9.Nc3 Bg6
10.Qc2 Bxd3 11.Qxd3 Nbd7 12.Nge2 g6 13.b4 a6 14.a4 b6 15.O-O Bg7 16.cxb6 Nxb6 17.e4
O-O 18.Rac1 Rfd8 19.Be3 dxe4 20.fxe4 exd4 21.Bxd4 Ng4 22.g3 a5 23.bxa5 Rxa5 24.Nb5
Qd7 25.Qc3 Rxb5 26.Bxg7 Nxa4 27.Qa1 Qd2 28.Rce1 Qe3+ 29.Kh1 Qxe4+ 30.Kg1 Qe3+ 31.Kh1
Rh5 0-1

[Event "Vienna Chess Open 2015 Group A"]
[Site "Grosser Festsaal im Wiener Rathaus, 1010 Wien"]
[Date "2015.08.19"]
[Round "5"]
[Board "1"]
[White "Schreiner, Peter"]
[Black "Brunello, Sabino"]
[Result "1/2-1/2"]
[WhiteElo "2439"]
[BlackElo "2545"]
[PlyCount "36"]
[EventDate "2015.08.15"]
[EventRounds "9"]
[EventCountry "AUT"]

1.d4 Nf6 2.c4 e6 3.Nf3 b6 4.g3 Ba6 5.b3 Bb7 6.Bg2 Bb4+ 7.Bd2 c5 8.Bxb4 cxb4 9.a3 Na6
10.O-O O-O 11.Qe1 Qe7 12.Ne5 Bxg2 13.Kxg2 bxa3 14.Nd3 d5 15.Rxa3 Nb8 16.c5 Nc6 17.e3
bxc5 18.Nxc5 a5 1/2-1/2

[Event "Vienna Chess Open 2015 Group A"]
[Site "Grosser Festsaal im Wiener Rathaus, 1010 Wien"]
[Date "2015.08.19"]
[Round "5"]
[Board "2"]
[White "Carow, Johannes"]
[Black "Antal, Gergely"]
[Result "1/2-1/2"]
[WhiteElo "2407"]
[BlackElo "2524"]
[PlyCount "77"]
[EventDate "2015.08.15"]
[EventRounds "9"]
[EventCountry "AUT"]

1.d4 Nf6 2.c4 g6 3.f3 d5 4.cxd5 Nxd5 5.e4 Nb6 6.Nc3 Bg7 7.Be3 O-O 8.Qd2 e5 9.d5 c6
10.h4 cxd5 11.exd5 N8d7 12.h5 Nf6 13.hxg6 fxg6 14.O-O-O Bd7 15.Kb1 Rc8 16.Nh3 e4 17.Nxe4
Bf5 18.Nhf2 Qxd5 19.Bxb6 Qxd2 20.Rxd2 axb6 21.Bd3 Be6 22.Nxf6+ Bxf6 23.Be4 Rfd8 24.Rhd1
Rxd2 25.Rxd2 Bg5 26.Rd1 Rc7 27.Nd3 Kg7 28.Nb4 Kf6 29.g3 Be3 30.f4 Bf2 31.Nd5+ Bxd5
32.Rxd5 Re7 33.Rd6+ Kg7 34.Bf3 b5 35.g4 Bc5 36.Rd5 b6 37.f5 Re1+ 38.Kc2 gxf5 39.Rxf5 1/2-1/2

[Event "Vienna Chess Open 2015 Group A"]
[Site "Grosser Festsaal im Wiener Rathaus, 1010 Wien"]
[Date "2015.08.19"]
[Round "5"]
[Board "3"]
[White "Rambaldi, Francesco"]
[Black "Arkell, Keith"]
[Result "1/2-1/2"]
[WhiteElo "2517"]
[BlackElo "2488"]
[PlyCount "111"]
[EventDate "2015.08.15"]
[EventRounds "9"]
[EventCountry "AUT"]

1.e4 c6 2.d4 d5 3.Nd2 dxe4 4.Nxe4 Nd7 5.Ng5 Ngf6 6.Bd3 Nb6 7.N1f3 Bg4 8.h3 Bxf3 9.Nxf3
g6 10.O-O Bg7 11.c3 O-O 12.Bf4 Nbd5 13.Bh2 b5 14.a4 a6 15.Re1 Qb6 16.Ne5 Rad8 17.Qb3
Nd7 18.Nf3 Rfe8 19.a5 Qa7 20.c4 bxc4 21.Qxc4 Ra8 22.Qxc6 Nb4 23.Qc4 Nxd3 24.Qxd3 Qb7
25.b4 Qd5 26.Qe2 Nb8 27.Rac1 Nc6 28.Qc4 Qxc4 29.Rxc4 Na7 30.Be5 Bh6 31.Bg3 e6 32.Rd1
Rac8 33.Rxc8 Rxc8 34.d5 exd5 35.Rxd5 Bf8 36.Ne5 Bxb4 37.Rd7 Nc6 38.Nxf7 Bxa5 39.Nh6+
Kh8 40.Bh4 Bc3 41.Nf7+ Kg8 42.Nd6 Rb8 43.Ne4 Rb1+ 44.Kh2 Be5+ 45.Bg3 h6 46.Bxe5 Nxe5
47.Ra7 Rb6 48.Nc5 Rc6 49.Nxa6 Nd3 50.Kg3 Rc2 51.Rc7 Rxf2 52.Nb4 Rd2 53.Rd7 Nc5 54.Rxd2
Ne4+ 55.Kf4 Nxd2 56.Nd3 1/2-1/2

[Event "Vienna Chess Open 2015 Group A"]
[Site "Grosser Festsaal im Wiener Rathaus, 1010 Wien"]
[Date "2015.08.19"]
[Round "5"]
[Board "4"]
[White "Bánusz, Tamás"]
[Black "Feuerstack, Aljoscha"]
[Result "1-0"]
[WhiteElo "2586"]
[BlackElo "2458"]
[PlyCount "93"]
[EventDate "2015.08.15"]
[EventRounds "9"]
[EventCountry "AUT"]

1.Nf3 d5 2.g3 c6 3.Bg2 Bf5 4.O-O e6 5.d3 Nf6 6.Nbd2 h6 7.c4 Be7 8.cxd5 exd5 9.e4 Bc8
10.Re1 O-O 11.e5 Ne8 12.Nf1 Nc7 13.d4 Bf5 14.Ne3 Be4 15.h4 Ne6 16.Nh2 Bh7 17.b3 Na6
18.Bb2 Nb4 19.Bc3 Nd3 20.Re2 c5 21.Nxd5 cxd4 22.Bd2 Rc8 23.f4 Bc5 24.b4 Nb2 25.Qb3
d3+ 26.bxc5 Nd4 27.Qxb2 Nxe2+ 28.Kf2 Rxc5 29.Qxb7 Rc2 30.Nf1 Nc3 31.Nxc3 Qd4+ 32.Ke1
Rxc3 33.Qb2 Rc4 34.Qxd4 Rxd4 35.Ne3 Rb8 36.f5 g6 37.f6 g5 38.hxg5 hxg5 39.Rc1 Be4
40.Bh3 Bg6 41.e6 fxe6 42.Bxe6+ Bf7 43.Bf5 Bxa2 44.Ng4 Re8+ 45.Kf1 Be6 46.Nh6+ Kf8
47.Rc7 1-0

[Event "Vienna Chess Open 2015 Group A"]
[Site "Grosser Festsaal im Wiener Rathaus, 1010 Wien"]
[Date "2015.08.19"]
[Round "5"]
[Board "5"]
[White "Abdumalik, Zhansaya"]
[Black "Buhmann, Rainer"]
[Result "0-1"]
[WhiteElo "2371"]
[BlackElo "2613"]
[PlyCount "122"]
[EventDate "2015.08.15"]
[EventRounds "9"]
[EventCountry "AUT"]

1.e4 e6 2.d4 d5 3.Nc3 Nf6 4.e5 Nfd7 5.f4 c5 6.Nf3 Nc6 7.Be3 a6 8.Qd2 b5 9.dxc5 Bxc5
10.Bd3 Qb6 11.Bf2 h6 12.O-O Bxf2+ 13.Rxf2 Nc5 14.a3 O-O 15.Re1 b4 16.axb4 Qxb4 17.Nd1
Qxd2 18.Rxd2 a5 19.Bb5 Na7 20.Bf1 Bd7 21.Ne3 Bb5 22.Nd4 Bxf1 23.Rxf1 Rfb8 24.b3 Ne4
25.Rd3 Nb5 26.Ra1 Nc5 27.Rd2 Ne4 28.Rd3 Nc5 29.Rd2 Nc3 30.g3 a4 31.bxa4 Rb4 32.Kg2
N3e4 33.Rdd1 Nc3 34.Rd2 Raxa4 35.Rxa4 Rxa4 36.Ne2 N3e4 37.Rd4 Ra3 38.Kf3 g5 39.h3
h5 40.g4 hxg4+ 41.hxg4 Kg7 42.Nc1 Ra1 43.Nd3 Nxd3 44.Rxd3 Rh1 45.f5 Rh2 46.f6+ Kh7
47.Ng2 Nc5 48.Re3 Rh1 49.Ke2 Rh2 50.Kf1 Rh1+ 51.Ke2 Nd7 52.Kf2 Kg6 53.Ne1 Rh2+ 54.Ng2
Rh8 55.Ne1 Rc8 56.Re2 Rc4 57.Nd3 Rxg4 58.Kf3 Rh4 59.Kg3 Re4 60.Rxe4 dxe4 61.Nf2 Kf5 0-1

[Event "Vienna Chess Open 2015 Group A"]
[Site "Grosser Festsaal im Wiener Rathaus, 1010 Wien"]
[Date "2015.08.19"]
[Round "5"]
[Board "6"]
[White "Heberla, Bartlomiej"]
[Black "Jackson, James"]
[Result "1-0"]
[WhiteElo "2548"]
[BlackElo "2367"]
[PlyCount "133"]
[EventDate "2015.08.15"]
[EventRounds "9"]
[EventCountry "AUT"]

1.d4 Nf6 2.c4 c5 3.d5 e6 4.Nc3 exd5 5.cxd5 d6 6.e4 g6 7.f4 Bg7 8.Bb5+ Nfd7 9.Nf3 a6
10.Bd3 b5 11.O-O O-O 12.a3 Re8 13.Qe1 Ra7 14.Qg3 Nf6 15.e5 Nh5 16.Qf2 f5 17.Be3 Rae7
18.Rfe1 Bb7 19.Be2 Bh6 20.Nd2 Nf6 21.exf6 Rxe3 22.Nf1 Rxc3 23.bxc3 Nd7 24.Qh4 Bf8
25.a4 Qxf6 26.Qxf6 Nxf6 27.axb5 axb5 28.Bxb5 Rxe1 29.Rxe1 Bxd5 30.Ra1 Kf7 31.Nd2 Be6
32.Ra7+ Kg8 33.g3 d5 34.Ra6 Kf7 35.Nf3 Ne4 36.Ne5+ Ke7 37.c4 dxc4 38.Bxc4 Bxc4 39.Nxc4
Kf7 40.Ne5+ Kg7 41.Ra7+ Kg8 42.Kg2 Bd6 43.Nc4 Bf8 44.Ra6 Be7 45.Kf3 Nf6 46.Ne5 Nd5
47.h3 Kg7 48.Ra7 Kf8 49.Nc6 Bf6 50.Ra5 Nb4 51.Rxc5 Nxc6 52.Rxc6 Kf7 53.Rc7+ Be7 54.g4
h6 55.gxf5 gxf5 56.Ke3 Ke6 57.Rc6+ Bd6 58.Rc8 Kf7 59.Rd8 Bc5+ 60.Kd3 Bf2 61.Rd6 Kg7
62.Ra6 Bg1 63.Ra4 Bf2 64.Kc4 Be1 65.Kd4 Kg6 66.Ra6+ Kg7 67.Ke5 1-0

[Event "Vienna Chess Open 2015 Group A"]
[Site "Grosser Festsaal im Wiener Rathaus, 1010 Wien"]
[Date "2015.08.19"]
[Round "5"]
[Board "7"]
[White "Dizdarevic, Emir"]
[Black "Jessel, Stephen"]
[Result "1/2-1/2"]
[WhiteElo "2540"]
[BlackElo "2352"]
[PlyCount "88"]
[EventDate "2015.08.15"]
[EventRounds "9"]
[EventCountry "AUT"]

1.Nf3 d5 2.g3 Nc6 3.d4 Bf5 4.Nh4 Bg4 5.h3 Bh5 6.c3 e6 7.Nd2 Be7 8.Ng2 Bd6 9.Nf3 Nf6
10.Nf4 Bxf3 11.exf3 O-O 12.Bg2 e5 13.dxe5 Nxe5 14.Nxd5 Nxd5 15.Qxd5 Bc5 16.Qxd8 Raxd8
17.O-O Nd3 18.b4 Be7 19.Be3 Bf6 20.Rab1 Bxc3 21.Rb3 Bf6 22.Rfb1 b6 23.Ra3 Be7 24.Rxa7
Nxb4 25.Rxc7 Nd5 26.Ra7 Nxe3 27.Rxe7 Nxg2 28.Kxg2 Ra8 29.Rb2 Rfb8 30.h4 g6 31.f4 Ra5
32.Rc2 h5 33.Re5 Rba8 34.Rxa5 Rxa5 35.Kf3 Kg7 36.Rb2 Kf8 37.Ke4 Ke7 38.Kd4 Kd7 39.Rxb6
Rxa2 40.Ke5 Ke7 41.Rb7+ Kf8 42.f3 Ra5+ 43.Ke4 Ra4+ 44.Ke3 Ra3+ 1/2-1/2

[Event "Vienna Chess Open 2015 Group A"]
[Site "Grosser Festsaal im Wiener Rathaus, 1010 Wien"]
[Date "2015.08.19"]
[Round "5"]
[Board "8"]
[White "Theissl Pokorna, Regina"]
[Black "Rombaldoni, Axel"]
[Result "0-1"]
[WhiteElo "2362"]
[BlackElo "2515"]
[PlyCount "76"]
[EventDate "2015.08.15"]
[EventRounds "9"]
[EventCountry "AUT"]

1.e4 c5 2.Nf3 Nc6 3.Nc3 d6 4.d4 cxd4 5.Nxd4 e5 6.Nf3 h6 7.Bc4 Nf6 8.O-O Be7 9.Re1
O-O 10.h3 Be6 11.Nd5 Rc8 12.b3 Bxd5 13.exd5 Nb4 14.a3 Nxc2 15.Qxc2 b5 16.Qe2 bxc4
17.bxc4 Qc7 18.Nd2 Nd7 19.a4 f5 20.Ba3 Nc5 21.Bxc5 Qxc5 22.Rab1 Bg5 23.Rb7 Qa5 24.Nb3
Qc3 25.h4 Bf4 26.g3 Rxc4 27.Rd1 Re4 28.Qd3 Qxd3 29.Rxd3 Re1+ 30.Kg2 e4 31.Rc3 Be5
32.Rcc7 f4 33.gxf4 Rxf4 34.Rc1 Re2 35.Rf1 e3 36.Rxa7 Rfxf2+ 37.Rxf2 Rxf2+ 38.Kg1 Bh2+ 0-1